|
|
|
|
| LEADER |
00565cam a2200181 7i4500 |
| 001 |
0000003678 |
| 005 |
20050516090000.0 |
| 020 |
0 |
0 |
|a 9251011613
|
| 090 |
0 |
0 |
|a SH 1
|b F2
|
| 100 |
1 |
0 |
|a Burczynski
|
| 245 |
1 |
0 |
|a Introduction to the use of sonar systems for estimating fish biomass
|c by J. Burczynski.
|
| 260 |
0 |
0 |
|a Rome:
|b FAO,
|c 1982.
|
| 300 |
# |
# |
|a 89 p.:
|b ill.;
|c 28 cm..
|
| 650 |
0 |
0 |
|a Sonar in fishing
|
| 650 |
0 |
0 |
|a Fish detection
|
| 650 |
0 |
0 |
|a Echo sounding
|
| 999 |
|
|
|a 1000382362
|b Book
|c Open Shelf
|e KOLEKSI TERBUKA
|
| 999 |
|
|
|a 1900040291
|b Book
|c Open Shelf
|e KOLEKSI TERBUKA
|